000 00858nam a2200265Ia 4500
003 OSt
005 20220918172002.0
006 a|||||r|||| 00| 0
007 ta
008 220917b |||||||| |||| 00| 0 eng d
020 _a9788194428770 (pbk)
_cINR 250.00
024 _a353,455
037 _bIN3863/2019-20, 11/03/2020, R. K. Books
_cTextual
040 _aARTS
_cARTS
_beng
041 _2eng
_aeng
082 _aV2xN49, R0
100 _aVasudevan Hari S. Ed.
_939691
245 0 _aMushirul Hasan
_b intellectual and institutional journey
260 _aDelhi
_bPrimus Books India
_c2020
300 _axii,196p.
_ccm.
650 _aINDIA - HISTORY
700 _a Das Surajan Ed.
_939692
942 _hV2xN49, R0
_cTEXL
_2CC
999 _c142153
_d142153